| 000 | 02296cam a22003255a 4500 | ||
|---|---|---|---|
| 999 |
_c26956 _d26928 |
||
| 001 | 018874113 | ||
| 003 | Uk | ||
| 005 | 20181105131645.0 | ||
| 008 | 180518s2017 enk frb 001 0 eng d | ||
| 015 |
_aGBB8F3150 _2bnb |
||
| 020 | _z9781137606716 | ||
| 040 |
_aUk _beng _cUk _dEG-ScBUE |
||
| 082 | 0 | 4 |
_a342.41 _bALD _222 |
| 100 | 1 |
_aAlder, John. _941908 |
|
| 245 | 1 | 0 |
_aConstitutional and administrative law / _cJohn Alder, Keith Syrett. |
| 250 | _a11th ed. | ||
| 260 |
_aLondon : _bPalgrave Macmillan, _c2017. |
||
| 300 |
_axlii, 651 p. ; _c24 cm. |
||
| 490 | 0 | _aPalgrave law masters | |
| 504 | _aIncludes bibliographical references and index. | ||
| 505 | 0 | _aPART I: THE FRAMEWORK OF THE CONSTITUTION.- 1. Introduction: Constitutional Structures.- 2. Underlying Political Traditions.- 3. The Sources of the Constitution.- 4. Historical Landmarks.- 5. An Overview of the Main Institutions of the Constitution.- PART II FUNDAMENTAL PRINCIPLES.- 6. The Rule of Law.- 7. The Separation of Powers.- 8. Parliamentary Sovereignty.- PART III INTERNATIONAL ASPECTS OF THE CONSTITUTION.- 9. The State and the Outside World.- 10. The European Union.- PART IV: GOVERNMENT INSTITUTIONS.- 11. Parliament: Constitutional Position.- 12. The Composition of Parliament and Parliamentary Elections.- 13. Parliamentary Procedure.- 14. The Crown.- 15. Ministers and Departments.- 16. Devolution.- PART V: ADMINISTRATIVE LAW.- 17. The Grounds of Judicial Review, I: Illegality and Ultra Vires.- 18. The Grounds of Judicial Review, II: Beyond Ultra Vires.- 19. Judicial Review Remedies and Procedure.- 20. Administrative Justice.- PART VI: FUNDAMENTAL RIGHTS.- 21. Human Rights and Civil Liberties.- 22. The Human Rights Act 1998.- 23. Freedoms of Expression and Assembly.- 24. Government Secrecy.- 25. Exceptional Powers: Security, Emergencies and Terrorism. | |
| 520 | _aThis textbook provides a thorough and accessible introduction to the basic principles of United Kingdom Constitutional and Administrative Law, including Human Rights law. | ||
| 650 | 7 |
_aLaw. _2BUEsh |
|
| 650 | 7 |
_aConstitutional law _zGreat Britain. _2BUEsh |
|
| 650 | 7 |
_aAdministrative law _zGreat Britain. _2BUEsh |
|
| 653 |
_bLLAAWW _cNovember2018 |
||
| 655 | _vReading book | ||
| 700 | 1 |
_aSyrett, Keith. _941909 |
|
| 942 | _2ddc | ||